Know the signs and keep on loving: (Record no. 3377)

MARC details
000 -LEADER
fixed length control field 00619nam a2200205Ia 4500
003 - CONTROL NUMBER IDENTIFIER
control field GBCCL
005 - DATE AND TIME OF LATEST TRANSACTION
control field 20241126110453.0
008 - FIXED-LENGTH DATA ELEMENTS--GENERAL INFORMATION
fixed length control field 171127b xxu||||| |||| 00| 0 eng d
020 ## - INTERNATIONAL STANDARD BOOK NUMBER
International Standard Book Number 819008495X
040 ## - CATALOGING SOURCE
Transcribing agency GBC
082 ## - DEWEY DECIMAL CLASSIFICATION NUMBER
Classification number 261.83228
Item number SOP
100 ## - MAIN ENTRY--PERSONAL NAME
Personal name G, Sopnakumari
9 (RLIN) 6889
245 ## - TITLE STATEMENT
Title Know the signs and keep on loving:
Remainder of title A Christian counsellor looks at suicide and the survivors /
Statement of responsibility, etc. Sopnakumari G
260 ## - PUBLICATION, DISTRIBUTION, ETC.
Place of publication, distribution, etc. Banglore:
Name of publisher, distributor, etc. SAIACS Press,
Date of publication, distribution, etc. 1999
300 ## - PHYSICAL DESCRIPTION
Extent 48p.;
Dimensions 20 cm.
650 ## - SUBJECT ADDED ENTRY--TOPICAL TERM
Topical term or geographic name entry element Suicide
9 (RLIN) 5390
650 ## - SUBJECT ADDED ENTRY--TOPICAL TERM
Topical term or geographic name entry element Pastoral Care and Counselling
9 (RLIN) 6747
650 ## - SUBJECT ADDED ENTRY--TOPICAL TERM
Topical term or geographic name entry element Social Problems
9 (RLIN) 4917
942 ## - ADDED ENTRY ELEMENTS (KOHA)
Source of classification or shelving scheme Dewey Decimal Classification
Koha item type Books
Koha issues (borrowed), all copies 8
Holdings
Withdrawn status Lost status Source of classification or shelving scheme Damaged status Not for loan Home library Current Library Shelving location Date acquired Total checkouts Full call number Barcode Date last seen Date last checked out Copy number Price effective from Koha item type Total renewals
    Dewey Decimal Classification     GRACE BIBLE COLLEGE GRACE BIBLE COLLEGE Ministry & Mission 2017-11-27 4 261.83228 SOP 010055 2025-05-01 2024-07-04 c.1 2017-11-27 Books  
    Dewey Decimal Classification     GRACE BIBLE COLLEGE GRACE BIBLE COLLEGE Ministry & Mission 2017-11-27 5 261.83228 SOP 010057 2025-07-23 2025-07-17 c.2 2017-11-27 Books 1
© Grace Bible College Library 2025